Eastern Utah Libraries Catalog: Duchesne, Heber, Roosevelt, & Vernal

Dolphin vs. fish / (Record no. 275532)

MARC details
000 -LEADER
fixed length control field 01568nam a22004454a 4500
001 - CONTROL NUMBER
control field ocn613293072
003 - CONTROL NUMBER IDENTIFIER
control field OCoLC
005 - DATE AND TIME OF LATEST TRANSACTION
control field 20200320185224.0
008 - FIXED-LENGTH DATA ELEMENTS--GENERAL INFORMATION
fixed length control field 100507s2011 iluab j b 001 0 eng
010 ## - LIBRARY OF CONGRESS CONTROL NUMBER
LC control number 2010017010
020 ## - INTERNATIONAL STANDARD BOOK NUMBER
International Standard Book Number 9781410939401 (hardcover)
020 ## - INTERNATIONAL STANDARD BOOK NUMBER
International Standard Book Number 1410939405 (hardcover)
020 ## - INTERNATIONAL STANDARD BOOK NUMBER
International Standard Book Number 9781410939494 (pbk.)
020 ## - INTERNATIONAL STANDARD BOOK NUMBER
International Standard Book Number 1410939499 (pbk.)
020 ## - INTERNATIONAL STANDARD BOOK NUMBER
Terms of availability 21.75
035 ## - SYSTEM CONTROL NUMBER
System control number (OCoLC)613293072
040 ## - CATALOGING SOURCE
Original cataloging agency DLC
Transcribing agency DLC
Modifying agency UPZ
-- YDXCP
-- WACOL
049 ## - LOCAL HOLDINGS (OCLC)
Holding library WACL
050 00 - LIBRARY OF CONGRESS CALL NUMBER
Classification number QL737.C432
Item number M455 2011
082 00 - DEWEY DECIMAL CLASSIFICATION NUMBER
Classification number 599.53/153
Edition number 22
092 ## - LOCALLY ASSIGNED DEWEY CALL NUMBER (OCLC)
Classification number E
Item number Mei
100 1# - MAIN ENTRY--PERSONAL NAME
Personal name Meinking, Mary.
9 (RLIN) 5865217
245 10 - TITLE STATEMENT
Title Dolphin vs. fish /
Statement of responsibility, etc Mary Meinking.
246 3# - VARYING FORM OF TITLE
Title proper/short title Dolphin versus fish
260 ## - PUBLICATION, DISTRIBUTION, ETC. (IMPRINT)
Place of publication, distribution, etc Chicago, Ill. :
Name of publisher, distributor, etc Raintree,
Date of publication, distribution, etc c2011.
300 ## - PHYSICAL DESCRIPTION
Extent 32 p. :
Other physical details col. ill., map ;
Dimensions 25 cm.
490 0# - SERIES STATEMENT
Series statement Predator vs. prey
490 0# - SERIES STATEMENT
Series statement Read me!
504 ## - BIBLIOGRAPHY, ETC. NOTE
Bibliography, etc Includes bibliographical references (p. 31) and index.
520 ## - SUMMARY, ETC.
Summary, etc Explores the features of dolphins and fishes that make them particularly suited to catch or evade.
650 #0 - SUBJECT ADDED ENTRY--TOPICAL TERM
Topical term or geographic name as entry element Dolphins
General subdivision Food
Form subdivision Juvenile literature.
9 (RLIN) 5865218
650 #0 - SUBJECT ADDED ENTRY--TOPICAL TERM
Topical term or geographic name as entry element Fishes
General subdivision Defenses
Form subdivision Juvenile literature.
9 (RLIN) 5865219
650 #0 - SUBJECT ADDED ENTRY--TOPICAL TERM
Topical term or geographic name as entry element Fishes
General subdivision Predators of
Form subdivision Juvenile literature.
9 (RLIN) 5865220
650 #0 - SUBJECT ADDED ENTRY--TOPICAL TERM
Topical term or geographic name as entry element Predation (Biology)
Form subdivision Juvenile literature.
9 (RLIN) 5729229
938 ## -
-- YBP Library Services
-- YANK
-- 6899171
942 ## - ADDED ENTRY ELEMENTS (KOHA)
Koha item type BOOK
948 ## - LOCAL PROCESSING INFORMATION (OCLC); SERIES PART DESIGNATOR (RLIN)
Series part designator, SPT (RLIN) 07/08/2011
z (OCLC) Sirsi
994 ## -
-- 02
-- WACOL
996 ## -
-- 84924
-- 34301000995011
-- JNF
-- bk
-- wcl
-- i
-- 21
-- 21.75
-- apple
-- 599.53 Mei
-- 07/08/2011
-- 09/10/2019
-- 08/30/2019
Holdings
Withdrawn status Lost status Source of classification or shelving scheme Damaged status Not for loan Collection code Home library Current library Shelving location Date acquired Cost, normal purchase price Total Checkouts Total Renewals Full call number Barcode Date last seen Date checked out Cost, replacement price Price effective from Koha item type
    Dewey Decimal Classification     Junior NonFiction Wasatch County Library Wasatch County Library Second Floor 07/08/2011 21.75 36 14 J 599.53 Mei 34301000995011 12/26/2025 10/27/2025 21.75 03/20/2020 BOOK
This project was made possible through a grant from the Institute of Museum and Library Service administered by the Utah State Library Division.

Wasatch County Library

  • 465 East 1200 South, Heber City, Utah 84032
  • Phone 435-654-1511 | Fax 435-654-6456

Hours

  • Monday - Friday 9:30 AM - 8:00 PM
  • Saturday 9:30 AM - 1:30 PM
  • Closed Sundays and Holidays